000 00493nam a2200169 a 4500
005 20260322212034.0
008 data
010 _a65-18055
096 _aWM 30 E64c 1965
100 1 _aEpps, Robert L.
245 1 2 _aA community concern :
_bexperience with management of major mental illness in the community /
_cRobert L. Epps.
260 _aSpringfield, Illinois
_bThomas
_cc1965
300 _a207 p.
650 0 2 _aMental Health
_xmethods
650 0 2 _aMental Health Services
_zMissouri
001 data
999 _c789
_d789